00929nam a2200217 a 450000100060000000300080000600500170001400800410003103500190007204000350009104100080012608200250013410000380015924501870019726000970038430000380048150201030051950400320062265000240065470000330067879942BD-RjUL20220608110207.0220608s2009 bg a|||| m||| 00| 0 eng d a(BD-RjUL)79942 aBD-RjULbengcBD-RjULdBD-RjUL aeng 223a633.18bRAO 2009 aRahman, Abul Basar Mohammad Ziaur10aOptimizing the Yield of Rice (Variety : Brri Dhan29) Through Appropriate Agronomic Practices to Ensure Food Security :cAbul Basar Mohammad Ziaur Rahman6Supervisor : M. Aminul Hoque aRajshahi :bDepartment of Agronomy and Agricultural Extension, University of Rajshahi,c2009 a[4], 148 leaves :bill. ;c29 cm. aThesis ( Ph.D.) -- Department of Agronomy and Agricultural Extension, University of Rajshahi, 2009 aReferences : Leaves 107-124 aRicexFood Security aHoque, M. Aminul, Supervisor